00633nam a22001937a 45000050016000000100014000160200027000300350013000570370013000700820012000832450131000952600038002262700061002643000028003255000019003536500021003727000025003937000021004182010080306446.0 aENG-97926 a9788178311845c1200.00 aEN-81459 bDBAD/PUB a306.466 aMulticulturalism : cedited by Christopher Sam Raj [and] Marie Mc AndrewbPublic polic and problem areas in Canada and India / aNew DelhibManak Pubcationsc2009 aB-7, Saraswati Complex, Subhash ChowkbNew Delhie110092 axvi, 345 p. c25cm (Hb) aIncludes index aMulticulturalism aChristopher Sam Raj  aAndrew, Marie Mc